000 00279nam a22001217a 4500
008 181012b xxu||||| |||| 00| 0 eng d
041 _aeng
080 _212th
_a611.085
100 _a9
101 _aHIS
245 _aBasic Histology Text & Atlas
_cMescher,A.L
942 _2udc
_cBK
999 _c49530
_d49530